| 000 | 00837nam a2200277 i 4500 | ||
|---|---|---|---|
| 001 | bg | ||
| 100 | 1 | _aRAE, Leslie | |
| 245 | 1 | 0 |
_aPlanowanie i projektowanie szkoleń / _cLeslie Rae ; przeł. Anna Hędrzak. |
| 246 |
_iTyt. oryg.: _aPlanning and designing training programmes |
||
| 260 |
_aWarszawa : _b"ABC", _c1999. |
||
| 300 |
_a261 s. : _b2 il. ; _c24 cm. |
||
| 490 | 1 | _aHR | |
| 500 | _aTyt. oryg. : "Planning and designing training programmes" 1997. | ||
| 504 | _aBibliogr. | ||
| 650 | 9 | _aKształcenie ustawiczne | |
| 650 | 9 |
_aSzkolenie wewnątrzzakładowe _xplanowanie |
|
| 655 | _aPodręczniki | ||
| 830 | _aHR | ||
| 020 | _a8387916145 | ||
| 040 | _cBPK | ||
| 041 | 1 |
_apl _hen |
|
| 080 | _a331.36.001.13/.14:37.018.52](07) | ||
| 920 | _a83-87916-14-5 | ||
| 942 | _cKS | ||
| 008 | s pl f |000 0 pol | ||
| 999 |
_c36425 _d36425 |
||
| 856 |
_uhttp://koha.tu.koszalin.pl/cgi-bin/koha/opac-detail.pl?biblionumber=36425 _yKatalog online BPK |
||